Score 0/45 Timer 06:00
2 Plays Today
% Correct
Zebra
98%
Raccoon
97.6%
Brown Bear
97.6%
Camel
97.5%
Crab
97.4%
Giraffe
97%
Cow
96.9%
Elephant
96.5%
Orca
96.4%
Walrus
96%
Dolphin
95.5%
Horse
95.5%
Seahorse
95.4%
Ladybug
95.4%
Worm
95%
Turtle
94.7%
Tiger
94.5%
Seal
94.5%
Parrot
94.3%
Frog
94.2%
Kangaroo
94.1%
Spider
94.1%
Owl
94.1%
% Correct
Panda
94.1%
Duck
93.9%
Octopus
93.8%
Ostrich
93.6%
Mouse
93.5%
Monkey
93.3%
Penguin
93.3%
Rhinoceros
93.3%
Polar Bear
93.3%
Cat
93.2%
Lizard
93.1%
Guinea Pig
93.1%
Lion
93.1%
Snail
91.4%
Manta Ray
91.1%
Goose
90.1%
Dove
89.9%
Bison
88.7%
Scorpion
85.7%
Sloth
85.3%
Cardinal
77.6%
Meerkat
73.9%
Remove Ads.
Support Sporcle.
Get the best of Sporcle when you Go Orange. This ad-free experience offers more features, more stats, and more fun while also helping to support Sporcle. Thank you for becoming a member.

You're not logged in!

Compare scores with friends on all Sporcle quizzes.
OR
Log In

Show Comments

Extras

Top Quizzes Today


Score Distribution

Your Account Isn't Verified!

In order to create a playlist on Sporcle, you need to verify the email address you used during registration. Go to your Sporcle Settings to finish the process.

Report this User

Report this user for behavior that violates our Community Guidelines.

Details: